Statistiques concernant Quiz Pays #2

Cliquez ici pour prendre le quiz!

Statistiques générales

  • Ce quiz a été pris 66 fois
  • Le résultat moyen est 45 sur 64

Statistiques - réponses

QuestionTuileSelect% Correct
Les 8 pays les plus peuplésViet NamNon
98%
Les 8 plus grands producteurs de pétroleArabie SaouditeOui
97%
Les 8 pays les plus touchés par le coronavirus en nombre de cas (19 avril 2020)Pays-BasNon
97%
Les 8 pays les plus touchés par le coronavirus en nombre de cas (19 avril 2020)PortugalNon
92%
Les 8 pays les plus touchés par le coronavirus en nombre de cas (19 avril 2020)États-UnisOui
91%
Les 8 pays les plus touchés par le coronavirus en nombre de cas (19 avril 2020)FranceOui
91%
Les 8 pays les plus touchés par le coronavirus en nombre de cas (19 avril 2020)SuisseNon
91%
Les 8 pays les plus touchés par le coronavirus en nombre de cas (19 avril 2020)CanadaNon
89%
Les 8 pays les plus peuplésChineOui
89%
Les 8 pays les plus peuplésÉthiopieNon
89%
Les 8 pays les plus peuplésIndeOui
89%
Les 8 pays les plus peuplésÉtats-UnisOui
88%
Les 8 pays les plus touchés par le coronavirus en nombre de cas (19 avril 2020)ItalieOui
88%
Les 8 pays les moins peuplésDominiqueNon
86%
Les 8 pays les plus peuplésÉgypteNon
86%
Les 8 pays les plus touchés par le coronavirus en nombre de cas (19 avril 2020)EspagneOui
86%
Les 8 pays les plus touchés par le coronavirus en nombre de cas (19 avril 2020)RussieNon
86%
Les 8 pays les plus peuplésRépublique démocratique du CongoNon
84%
Les 8 pays les plus touchés par le coronavirus en nombre de cas (19 avril 2020)ChineOui
83%
Les 8 pays les plus peuplésPhilippinesNon
83%
Les 8 pays les moins peuplésSeychellesNon
83%
Les 8 plus grands producteurs de pétroleAngolaNon
81%
Les 8 plus grands producteurs de pétroleBrésilNon
81%
Les 8 plus grands producteurs de pétroleÉmirats Arabes UnisOui
81%
Les 8 pays les moins peuplésVaticanOui
80%
Les 8 plus grands producteurs de pétroleÉtats-UnisOui
78%
Les 8 pays les plus peuplésIndonésieOui
78%
Les 8 pays les plus touchés par le coronavirus en nombre de cas (19 avril 2020)Royaume-UniOui
78%
Les 8 plus grands producteurs de pétroleMexiqueNon
77%
Les 8 pays les moins peuplésNauruOui
75%
Les 8 pays les plus touchés par le coronavirus en nombre de cas (19 avril 2020)BelgiqueNon
73%
Les 8 plus grands producteurs de pétroleKazakhstanNon
73%
Les 8 plus grands producteurs de pétroleNorvègeNon
73%
Les 8 pays les moins peuplésAntigua-et-BarbudaNon
72%
Les 8 pays les plus peuplésBrésilOui
72%
Les 8 pays les plus touchés par le coronavirus en nombre de cas (19 avril 2020)BrésilNon
72%
Les 8 plus grands producteurs de pétroleNigeriaNon
72%
Les 8 plus grands producteurs de pétroleRussieOui
72%
Les 8 pays les moins peuplésTongaNon
70%
Les 8 pays les moins peuplésMicronésieNon
66%
Les 8 pays les moins peuplésAndorreNon
64%
Les 8 plus grands producteurs de pétroleIranOui
64%
Les 8 pays les moins peuplésSt-MarinOui
61%
Les 8 pays les plus touchés par le coronavirus en nombre de cas (19 avril 2020)AllemagneOui
59%
Les 8 plus grands producteurs de pétroleIrakOui
59%
Les 8 pays les plus peuplésJaponNon
59%
Les 8 pays les plus peuplésRussieNon
59%
Les 8 pays les moins peuplésSt-Vincent-et-les-GrenadinesNon
59%
Les 8 pays les moins peuplésTuvaluOui
59%
Les 8 pays les moins peuplésIles MarshallNon
58%
Les 8 pays les plus peuplésMexiqueNon
58%
Les 8 pays les plus peuplésBangladeshOui
53%
Les 8 pays les moins peuplésMonacoOui
50%
Les 8 pays les plus peuplésNigériaOui
48%
Les 8 pays les moins peuplésPalaosOui
48%
Les 8 pays les plus touchés par le coronavirus en nombre de cas (19 avril 2020)IranNon
44%
Les 8 pays les moins peuplésLiechtensteinOui
44%
Les 8 pays les moins peuplésSt-Christophe-et-NiévèsOui
44%
Les 8 pays les plus peuplésPakistanOui
42%
Les 8 plus grands producteurs de pétroleVenezuelaNon
38%
Les 8 plus grands producteurs de pétroleKoweïtNon
30%
Les 8 plus grands producteurs de pétroleChineOui
25%
Les 8 pays les plus touchés par le coronavirus en nombre de cas (19 avril 2020)TurquieOui
19%
Les 8 plus grands producteurs de pétroleCanadaOui
17%

Distribution des résultats

Percentile par nombre de réponses

% des personnes avec chaque résultat

Votre développement - résultats

Vous n’avez pas pris ce quiz